Aggettivi di nazionalità - Statistics

Statistiche generali
  • Questo quiz è stato fatto 238 volte
  • Il punteggio medio è 41 su 45
Risposte nella Mappa
Le risposte nella mappa del quiz sottostante sono codificate secondo una scala di colori dal rosso al verde in base alla % di persone che hanno risposto correttamente.
 
Statistiche sulle risposte
Nazionalità % Corretto
Francese
98%
Greco
97%
inglese
97%
Irlandese
97%
Italiano
97%
Spagnolo
97%
Svizzero
97%
portoghese
96%
russo
96%
albanese
95%
norvegese
95%
svedese
95%
tedesco
95%
austriaco
94%
belga
94%
croato
94%
estone
94%
Finlandese
94%
lituano
94%
olandese
94%
polacco
94%
rumeno
94%
Serbo
93%
Sloveno
93%
ucraino
93%
danese
92%
Islandese
92%
lettone
92%
bielorusso
91%
bulgaro
91%
slovacco
91%
ungherese
91%
macedone
90%
ceco
89%
moldavo
89%
lussemburghese
88%
maltese
88%
bosniaco
85%
Montenegrino
85%
kosovaro
80%
sammarinese
79%
vaticano
79%
andorrano
78%
Abitante del Liechtenstein
61%
monegasco
59%
Nessun quiz corrispondente trovato
Distribuzione punteggi
Percentuale di utenti per punteggio
Percentile per numero di risposta
I tuoi punteggi nel tempo
Non hai fatto questo quiz